| 000 | 00646nam a2200229 a 4500 | ||
|---|---|---|---|
| 001 | 77636 | ||
| 003 | BD-RjUL | ||
| 005 | 20211209083014.0 | ||
| 008 | 201215r1963 us ||||| |||| 00| 0 eng d | ||
| 035 | _a(BD-RjUL)77862 | ||
| 040 |
_aBD-RjUL _beng _cBD-RjUL |
||
| 041 | _aeng | ||
| 082 |
_223 _a514 _bMEI 1963 |
||
| 100 | 1 | 0 |
_aMendelson, Bert _9151416 |
| 245 | 1 | 0 |
_aIntroduction to Topology / _cBert Mendelson |
| 260 |
_aLondon : _bOxford University, _c1963 |
||
| 300 |
_aix, 217 p. : _bill. ; _c25 cm. |
||
| 490 | _aCollege Mathematics Series. ; | ||
| 504 | _aIncludes Bibliography and Index | ||
| 650 |
_aTopology. _9151417 |
||
| 942 |
_2ddc _cBK |
||
| 999 |
_c77636 _d77636 |
||